[Event "Schools-U15-17Open"]
[Site "Tehran2016"]
[Date "2016.07.10"]
[Round "1.1"]
[White "Molaei, Mohammadamin"]
[Black "Ali Babaei, Sasan"]
[Result "1-0"]
[BlackElo "1926"]
[WhiteElo "2151"]
[LiveChessVersion "1.4.8"]

1. d4 Nf6 2. c4 e6 3. Nc3 Bb4 4. Bd2 O-O 5. Nf3 d5 6. g3 c5 7. cxd5 exd5 8. Bg2
Ne4 9. O-O Nxd2 10. Qxd2 Nc6 11. Rfd1 c4 12. Qf4 Be6 13. Ne5 f6 14. Nxc6 bxc6 15.
e4 Qd7 16. a3 Ba5 17. Na4 Bc7 18. Qe3 Rfe8 19. Nc5 Qf7 20. Re1 Rad8 21. Qc3 Bb6
22. Nxe6 Rxe6 23. exd5 cxd5 24. Bh3 Rxe1+ 25. Rxe1 Re8 26. Rxe8+ Qxe8 27. Qf3 Qe4
28. Qxe4 dxe4 29. Be6+ Kf8 30. Bxc4 Bxd4 31. b4 e3 32. fxe3 Bxe3+ 33. Kf1 Bc1 34.
a4 Ba3 35. b5 Ke7 36. Ke2 Kd6 37. Ke3 Kc5 38. Bd3 g6 39. a5 Bb2 40. b6 a6 41.
Bxa6 Kc6 42. Kd3 Ba3 43. Kc4 Bc1 44. Bb5+ Kb7 45. Kb4 Bd2+ 46. Ka4 f5 47. Bc4 Be3
48. Kb5 Bg1 49. Bd5+ Kc8 50. a6 1-0

[Event "Schools-U15-17Open"]
[Site "Tehran2016"]
[Date "2016.07.10"]
[Round "1.2"]
[White "Hasanov, Alo"]
[Black "Tahbaz, Arash"]
[Result "0-1"]
[BlackElo "2138"]
[WhiteElo "1898"]
[LiveChessVersion "1.4.8"]

1. d4 {[%clk 0:15:12]} Nf6 {[%clk 0:15:18]} 2. c4 {[%clk 0:15:18]} g6
{[%clk 0:15:27]} 3. Nc3 {[%clk 0:15:25]} Bg7 {[%clk 0:15:35]} 4. Nf3
{[%clk 0:15:30]} O-O {[%clk 0:15:43]} 5. Bg5 {[%clk 0:15:38]} d6 {[%clk 0:15:50]}
6. e3 {[%clk 0:15:46]} Nbd7 {[%clk 0:14:57]} 7. Be2 {[%clk 0:15:49]} b6
{[%clk 0:14:54]} 8. Qc2 {[%clk 0:15:42]} Bb7 {[%clk 0:15:02]} 9. O-O
{[%clk 0:15:32]} h6 {[%clk 0:14:12]} 10. Bh4 {[%clk 0:15:39]} e5 {[%clk 0:13:19]}
11. d5 {[%clk 0:14:43]} Qe8 {[%clk 0:10:10]} 12. Rad1 {[%clk 0:13:47]} Nh7
{[%clk 0:09:43]} 13. Nb5 {[%clk 0:12:25]} Qb8 {[%clk 0:09:24]} 14. h3
{[%clk 0:11:59]} f5 15. Bg3 {[%clk 0:11:33]} a6 {[%clk 0:08:54]} 16. Nc3
{[%clk 0:11:41]} Qe8 {[%clk 0:07:38]} 17. b4 {[%clk 0:10:04]} g5 {[%clk 0:07:19]}
18. Na4 {[%clk 0:08:59]} Bc8 {[%clk 0:05:00]} 19. c5 {[%clk 0:07:44]} b5
{[%clk 0:04:52]} 20. Nc3 {[%clk 0:07:16]} f4 {[%clk 0:01:59]} 21. Bh2
{[%clk 0:06:47]} Nhf6 {[%clk 0:01:32]} 22. Rfe1 {[%clk 0:02:34]} Qf7
{[%clk 0:00:27]} 23. exf4 gxf4 24. Bd3 {[%clk 0:01:18]} Kh8 {[%clk 0:00:13]} 25.
Bg6 {[%clk 0:01:10]} Qg8 {[%clk 0:00:18]} 26. Nh4 Rd8 27. Bf5 {[%clk 0:00:30]}
Nf8 {[%clk 0:00:34]} 28. Ne4 {[%clk 0:00:20]} Qf7 {[%clk 0:00:19]} 29. cxd6
{[%clk 0:00:24]} cxd6 {[%clk 0:00:22]} 30. Qc6 {[%clk 0:00:21]} Bxf5
{[%clk 0:00:14]} 31. Nxf5 {[%clk 0:00:30]} Nxe4 {[%clk 0:00:21]} 32. Nxg7
{[%clk 0:00:25]} Rdc8 {[%clk 0:00:14]} 33. Qb6 {[%clk 0:00:31]} Nd7
{[%clk 0:00:18]} 34. Qa5 {[%clk 0:00:36]} Nc3 {[%clk 0:00:17]} 35. Ne6
{[%clk 0:00:32]} Nxd1 {[%clk 0:00:24]} 36. Rxd1 {[%clk 0:00:41]} Rc3
{[%clk 0:00:26]} 37. Nc7 {[%clk 0:00:33]} Rc8 {[%clk 0:00:38]} 38. Nxa6
{[%clk 0:00:39]} Rc1 39. Rf1 Rxf1+ {[%clk 0:00:46]} 40. Kxf1 {[%clk 0:00:36]}
Qxd5 41. g3 {[%clk 0:00:13]} Qd1+ {[%clk 0:01:03]} 0-1

[Event "Schools-U15-17Open"]
[Site "Tehran2016"]
[Date "2016.07.10"]
[Round "1.3"]
[White "Rastbod, Ali"]
[Black "Olimjonov, Sarvarbek"]
[Result "1-0"]
[BlackElo "1858"]
[WhiteElo "2133"]
[LiveChessVersion "1.4.8"]

1. c4 {[%clk 0:15:16]} e5 2. Nc3 Nc6 {[%clk 0:15:27]} 3. Nf3 {[%clk 0:15:34]} f5
{[%clk 0:15:37]} 4. d4 {[%clk 0:15:40]} e4 {[%clk 0:15:36]} 5. Ng5
{[%clk 0:15:44]} Be7 {[%clk 0:15:30]} 6. h4 {[%clk 0:15:37]} Bf6 7. Be3 h6 8. Nh3
g5 9. g3 Nge7 10. Bg2 Ng6 11. hxg5 hxg5 12. Qd2 g4 13. Nf4 Rxh1+ 14. Bxh1 Nxf4
15. gxf4 d6 16. O-O-O Bd7 17. f3 exf3 18. exf3 Ne7 19. Qh2 Be6 20. d5 Bf7 21.
fxg4 fxg4 22. Be4 Qd7 23. Qh6 Bxc3 24. bxc3 O-O-O 25. Qf6 Ng8 26. Qg5 Qe7 27.
Bf5+ Kb8 28. Qxe7 Nxe7 29. Bxg4 Rg8 30. Rg1 c6 31. Be6 Rxg1+ 32. Bxg1 Bg6 33. c5
Kc7 34. c4 Be4 35. cxd6+ Kxd6 36. c5+ Kc7 37. d6+ Kd8 38. dxe7+ Kxe7 39. Bc8 b6
40. cxb6 axb6 41. Bxb6 Kd6 42. Bd4 Kd5 43. Be5 Bg6 44. Kd2 Bf7 45. a3 Kc4 46. f5
Kd5 47. Bb2 c5 48. Ke3 Kc4 49. Be6+ 1-0

[Event "Schools-U15-17Open"]
[Site "Tehran2016"]
[Date "2016.07.10"]
[Round "1.4"]
[White "Hettiarachchi, C U"]
[Black "Sheykhali, Mohammadreza"]
[Result "0-1"]
[BlackElo "2092"]
[WhiteElo "1627"]
[LiveChessVersion "1.4.8"]

1. d4 {[%clk 0:15:10]} Nf6 {[%clk 0:15:10]} 2. Nf3 {[%clk 0:15:16]} e6
{[%clk 0:15:15]} 3. c4 {[%clk 0:15:24]} d5 {[%clk 0:15:24]} 4. Nc3
{[%clk 0:15:30]} Be7 {[%clk 0:15:32]} 5. g3 {[%clk 0:15:37]} O-O {[%clk 0:15:41]}
6. Bg2 {[%clk 0:15:45]} c6 {[%clk 0:15:47]} 7. O-O {[%clk 0:15:47]} Nbd7
{[%clk 0:15:56]} 8. Nd2 {[%clk 0:15:28]} e5 {[%clk 0:15:24]} 9. cxd5
{[%clk 0:14:07]} cxd5 {[%clk 0:14:47]} 10. Nf3 {[%clk 0:14:04]} e4
{[%clk 0:13:19]} 11. Ne5 {[%clk 0:13:53]} Bd6 {[%clk 0:13:08]} 12. Nxd7
{[%clk 0:13:38]} Qxd7 {[%clk 0:11:07]} 13. Bg5 {[%clk 0:13:32]} Be7
{[%clk 0:11:16]} 14. Qb3 {[%clk 0:13:17]} Rd8 {[%clk 0:11:26]} 15. f3
{[%clk 0:12:07]} Qe6 {[%clk 0:08:33]} 16. fxe4 {[%clk 0:11:28]} dxe4
{[%clk 0:08:27]} 17. Qxe6 {[%clk 0:11:09]} Bxe6 {[%clk 0:08:23]} 18. e3
{[%clk 0:10:45]} h6 {[%clk 0:06:34]} 19. Bxf6 {[%clk 0:10:44]} Bxf6
{[%clk 0:06:43]} 20. Bxe4 {[%clk 0:10:52]} Rab8 {[%clk 0:06:50]} 21. a3
{[%clk 0:10:25]} b5 {[%clk 0:06:37]} 22. b4 {[%clk 0:09:19]} a6 {[%clk 0:04:31]}
23. Bd3 {[%clk 0:09:16]} Rbc8 {[%clk 0:04:39]} 24. Ne4 {[%clk 0:09:24]} Be7
{[%clk 0:04:36]} 25. Nc5 {[%clk 0:09:25]} Bd5 {[%clk 0:03:47]} 26. Rac1
{[%clk 0:08:39]} Bg5 {[%clk 0:03:45]} 27. Rfe1 {[%clk 0:08:38]} Re8
{[%clk 0:03:54]} 28. Kf2 {[%clk 0:08:47]} Rc6 {[%clk 0:04:04]} 29. h4
{[%clk 0:08:50]} Rf6+ {[%clk 0:04:06]} 30. Kg1 {[%clk 0:06:58]} Bxe3+
{[%clk 0:04:04]} 31. Kh2 {[%clk 0:05:47]} Rf2+ {[%clk 0:04:13]} 32. Kh3
{[%clk 0:05:55]} Bg2+ {[%clk 0:03:47]} 33. Kg4 {[%clk 0:05:53]} h5+
{[%clk 0:03:46]} 34. Kxh5 {[%clk 0:05:52]} g6+ {[%clk 0:03:27]} 35. Bxg6
{[%clk 0:05:52]} Bf3+ {[%clk 0:02:47]} 36. g4 {[%clk 0:06:01]} Kg7
{[%clk 0:02:42]} 37. Rxe3 {[%clk 0:05:06]} fxg6+ {[%clk 0:02:50]} 38. Kg5
{[%clk 0:05:15]} Rxe3 {[%clk 0:02:58]} 39. Nd7 {[%clk 0:05:22]} Bd5
{[%clk 0:02:26]} 40. Ne5 {[%clk 0:05:18]} Bc4 {[%clk 0:02:15]} 41. Nxc4
{[%clk 0:04:34]} bxc4 {[%clk 0:02:23]} 42. Rxc4 {[%clk 0:04:43]} Re6
{[%clk 0:02:26]} 43. Rc7+ {[%clk 0:04:52]} Rf7 {[%clk 0:02:32]} 44. Rc5
{[%clk 0:04:59]} Rd7 {[%clk 0:02:39]} 45. d5 {[%clk 0:03:58]} Red6
{[%clk 0:02:48]} 46. Kf4 {[%clk 0:04:03]} Rxd5 {[%clk 0:02:55]} 47. Rc6
{[%clk 0:04:12]} R5d6 {[%clk 0:02:57]} 48. Rc5 {[%clk 0:04:21]} Re6
{[%clk 0:02:56]} 49. Rc4 {[%clk 0:04:20]} Rf7+ {[%clk 0:03:00]} 50. Kg3
{[%clk 0:04:23]} Re3+ {[%clk 0:03:10]} 51. Kg2 {[%clk 0:04:32]} Rxa3
{[%clk 0:03:20]} 52. h5 {[%clk 0:04:38]} gxh5 {[%clk 0:03:18]} 53. gxh5
{[%clk 0:04:46]} Kh6 {[%clk 0:03:23]} 54. Rc5 {[%clk 0:04:52]} Rg7+
{[%clk 0:03:32]} 55. Kf2 {[%clk 0:05:00]} Rg5 {[%clk 0:03:40]} 56. Rc6+
{[%clk 0:05:10]} Kxh5 {[%clk 0:03:48]} 0-1

[Event "Schools-U15-17Open"]
[Site "Tehran2016"]
[Date "2016.07.10"]
[Round "1.6"]
[White "Rilloraza, Istraelito"]
[Black "Kazemiyan Eski, Abolfazl"]
[Result "0-1"]
[BlackElo "2101"]
[WhiteElo "1733"]
[LiveChessVersion "1.4.8"]

1. e4 {[%clk 0:15:18]} e5 {[%clk 0:15:16]} 2. Nc3 {[%clk 0:15:22]} Nc6
{[%clk 0:14:53]} 3. Bc4 {[%clk 0:15:11]} Bc5 {[%clk 0:14:51]} 4. Qg4
{[%clk 0:14:57]} g6 {[%clk 0:13:47]} 5. Qg3 {[%clk 0:13:56]} Nf6 {[%clk 0:13:05]}
6. Nf3 {[%clk 0:11:42]} Nh5 {[%clk 0:10:24]} 7. Qg5 {[%clk 0:11:01]} f6
{[%clk 0:10:06]} 8. Qh4 {[%clk 0:10:36]} Nf4 {[%clk 0:09:22]} 9. O-O
{[%clk 0:08:13]} g5 {[%clk 0:08:21]} 10. Qg3 {[%clk 0:08:21]} d5 {[%clk 0:05:34]}
11. Nxe5 {[%clk 0:03:15]} Nxe5 {[%clk 0:05:24]} 0-1

[Event "Schools-U15-17Open"]
[Site "Tehran2016"]
[Date "2016.07.10"]
[Round "1.7"]
[White "Fendereski, Nima"]
[Black "Gholami Orimi, Mahdi"]
[Result "1/2-1/2"]
[BlackElo "1732"]
[WhiteElo "2096"]
[LiveChessVersion "1.4.8"]

1. e4 {[%clk 0:15:18]} e5 {[%clk 0:15:18]} 2. Nf3 {[%clk 0:15:25]} Nc6
{[%clk 0:15:25]} 3. Bb5 {[%clk 0:15:34]} a6 {[%clk 0:15:32]} 4. Ba4
{[%clk 0:15:43]} Nf6 {[%clk 0:15:37]} 5. O-O {[%clk 0:15:49]} b5 {[%clk 0:15:44]}
6. Bb3 {[%clk 0:15:58]} Bb7 {[%clk 0:15:48]} 7. Qe2 {[%clk 0:14:57]} Bc5
{[%clk 0:14:27]} 8. c3 {[%clk 0:14:43]} d6 {[%clk 0:13:55]} 9. Rd1
{[%clk 0:14:20]} Qe7 {[%clk 0:13:56]} 10. Bc2 {[%clk 0:12:46]} O-O
{[%clk 0:13:04]} 11. h3 {[%clk 0:12:38]} Rfe8 {[%clk 0:11:39]} 12. d3
{[%clk 0:12:35]} d5 {[%clk 0:08:35]} 13. Nbd2 {[%clk 0:11:37]} dxe4
{[%clk 0:06:53]} 14. dxe4 {[%clk 0:11:21]} Nh5 {[%clk 0:06:16]} 15. Nb3
{[%clk 0:05:22]} Bb6 {[%clk 0:05:07]} 16. Be3 {[%clk 0:05:07]} Nf4
{[%clk 0:05:03]} 17. Qe1 {[%clk 0:04:32]} Qf6 {[%clk 0:04:47]} 18. Bxb6
{[%clk 0:04:10]} cxb6 {[%clk 0:04:49]} 19. Kh2 {[%clk 0:04:09]} Nxh3
{[%clk 0:03:43]} 20. Kxh3 {[%clk 0:02:51]} Qf4 {[%clk 0:03:06]} 21. g3
{[%clk 0:01:28]} Qxf3 {[%clk 0:03:13]} 22. Rd3 {[%clk 0:01:38]} Bc8+
{[%clk 0:03:09]} 23. Kh2 {[%clk 0:01:43]} Qh5+ {[%clk 0:03:15]} 24. Kg1
{[%clk 0:01:51]} Bg4 {[%clk 0:03:11]} 25. Bd1 {[%clk 0:01:57]} f5
{[%clk 0:02:43]} 26. Rd6 {[%clk 0:01:33]} Rac8 {[%clk 0:02:37]} 27. exf5
{[%clk 0:01:09]} e4 {[%clk 0:02:22]} 28. Bxg4 {[%clk 0:00:58]} Qxg4
{[%clk 0:02:29]} 29. Qd1 {[%clk 0:00:33]} Qxf5 {[%clk 0:02:32]} 30. Nd4
{[%clk 0:00:38]} Nxd4 {[%clk 0:02:24]} 31. Qxd4 {[%clk 0:00:46]} e3
{[%clk 0:02:23]} 32. fxe3 {[%clk 0:00:46]} Qf3 {[%clk 0:02:13]} 33. Qd5+
{[%clk 0:00:33]} Qxd5 34. Rxd5 Rxe3 35. Kf2 Re6 {[%clk 0:02:38]} 36. Rad1
{[%clk 0:00:14]} Rf8+ {[%clk 0:02:45]} 37. Kg1 {[%clk 0:00:23]} Re3
{[%clk 0:02:40]} 38. R5d3 {[%clk 0:00:26]} Rxd3 39. Rxd3 Rf6 {[%clk 0:02:50]} 40.
Rd7 {[%clk 0:00:39]} h6 {[%clk 0:02:50]} 41. Kg2 {[%clk 0:00:46]} Kh7
{[%clk 0:02:58]} 42. Ra7 {[%clk 0:00:42]} a5 {[%clk 0:03:07]} 43. Rd7
{[%clk 0:00:51]} Rc6 {[%clk 0:03:01]} 44. Kh3 {[%clk 0:00:40]} 1/2-1/2

[Event "Schools-U15-17Open"]
[Site "Tehran2016"]
[Date "2016.07.10"]
[Round "1.8"]
[White "Shah Karami, Ali"]
[Black "Li, Wenxiang"]
[Result "1/2-1/2"]
[BlackElo "2090"]
[WhiteElo "1725"]
[LiveChessVersion "1.4.8"]

1. e4 c6 2. d4 {[%clk 0:15:16]} d5 3. exd5 cxd5 4. c4 Nf6 5. Nc3 Nc6 6. Bg5 Be6
7. Nf3 Ne4 8. cxd5 Nxc3 9. bxc3 Bxd5 10. Bd3 g6 11. O-O Bg7 {[%clk 0:14:44]} 12.
Rb1 {[%clk 0:06:56]} b6 {[%clk 0:08:55]} 13. Qe2 {[%clk 0:05:06]} O-O
{[%clk 0:08:19]} 14. Rfe1 {[%clk 0:04:36]} Qc7 {[%clk 0:07:58]} 15. Be4 e6 16. c4
{[%clk 0:03:09]} Bxe4 {[%clk 0:05:58]} 17. Qxe4 {[%clk 0:03:17]} Na5
{[%clk 0:05:24]} 18. c5 {[%clk 0:01:17]} bxc5 {[%clk 0:05:18]} 19. Rec1
{[%clk 0:00:26]} c4 {[%clk 0:05:27]} 20. Bf4 {[%clk 0:00:25]} Qc6
{[%clk 0:04:29]} 21. Qxc6 {[%clk 0:00:28]} Nxc6 {[%clk 0:04:38]} 22. Rxc4 Rac8
23. Rbc1 {[%clk 0:00:27]} Ne7 {[%clk 0:04:50]} 24. Rxc8 {[%clk 0:00:16]} Rxc8
{[%clk 0:04:59]} 25. Rxc8+ {[%clk 0:00:26]} Nxc8 {[%clk 0:05:08]} 26. Be5
{[%clk 0:00:30]} Nb6 {[%clk 0:05:14]} 27. Bxg7 Kxg7 28. Kf1 {[%clk 0:00:26]} Nd5
{[%clk 0:05:32]} 29. a3 {[%clk 0:00:19]} Kf6 {[%clk 0:05:35]} 30. Ke2
{[%clk 0:00:28]} Nf4+ {[%clk 0:05:43]} 31. Kf1 {[%clk 0:00:34]} Ke7
{[%clk 0:05:49]} 32. g3 Nd5 33. Ke2 Nc3+ 34. Kd3 Nd1 35. Ke2 Nb2 36. Ne5 a6 37.
f4 f6 38. Nd3 Nc4 39. Nc5 a5 40. a4 Kd6 41. Kd3 Kd5 42. Nb3 Nb2+ 43. Ke3 1/2-1/2

[Event "Schools-U15-17Open"]
[Site "Tehran2016"]
[Date "2016.07.10"]
[Round "1.9"]
[White "Daghli, Arash"]
[Black "Bilguun, Lkhagvasanj"]
[Result "1-0"]
[BlackElo "1579"]
[WhiteElo "2024"]
[LiveChessVersion "1.4.8"]

1. d4 {[%clk 0:15:18]} Nf6 {[%clk 0:15:19]} 2. c4 {[%clk 0:15:27]} g6
{[%clk 0:15:28]} 3. Nc3 {[%clk 0:15:36]} Bg7 {[%clk 0:15:37]} 4. e4
{[%clk 0:15:27]} d6 {[%clk 0:15:46]} 5. f3 {[%clk 0:15:28]} O-O {[%clk 0:15:52]}
6. Be3 {[%clk 0:15:35]} Nc6 {[%clk 0:16:00]} 7. Qd2 {[%clk 0:15:39]} a6
{[%clk 0:16:08]} 8. Nge2 {[%clk 0:15:44]} Bd7 {[%clk 0:16:17]} 9. g4
{[%clk 0:15:24]} e5 {[%clk 0:15:30]} 10. d5 {[%clk 0:15:16]} Nd4 {[%clk 0:15:33]}
11. Nxd4 {[%clk 0:14:34]} exd4 {[%clk 0:15:38]} 12. Bxd4 {[%clk 0:14:24]} Re8
{[%clk 0:14:39]} 13. O-O-O {[%clk 0:14:02]} b5 {[%clk 0:14:43]} 14. Kb1
{[%clk 0:12:38]} Rb8 {[%clk 0:14:20]} 15. h4 {[%clk 0:12:15]} bxc4
{[%clk 0:13:15]} 16. Bxc4 {[%clk 0:12:23]} Rb4 {[%clk 0:13:06]} 17. b3
{[%clk 0:09:12]} a5 {[%clk 0:11:18]} 18. a3 {[%clk 0:08:51]} Rb8 {[%clk 0:10:47]}
19. Ka2 {[%clk 0:08:48]} Qe7 {[%clk 0:08:11]} 20. h5 {[%clk 0:07:54]} Rbd8
{[%clk 0:07:45]} 21. Ne2 {[%clk 0:05:41]} Kh8 {[%clk 0:06:55]} 22. h6
{[%clk 0:05:38]} Kg8 {[%clk 0:04:37]} 23. hxg7 {[%clk 0:05:43]} h5
{[%clk 0:03:48]} 24. gxh5 {[%clk 0:05:35]} 1-0

[Event "Schools-U15-17Open"]
[Site "Tehran2016"]
[Date "2016.07.10"]
[Round "1.10"]
[White "Walid, Shebani"]
[Black "Saberi, Mahan"]
[Result "0-1"]
[BlackElo "1971"]
[WhiteElo "1574"]
[LiveChessVersion "1.4.8"]

1. e4 {[%clk 0:15:15]} c5 {[%clk 0:15:18]} 2. Nf3 {[%clk 0:15:21]} Nc6
{[%clk 0:15:27]} 3. d4 cxd4 {[%clk 0:15:35]} 4. Nxd4 {[%clk 0:15:24]} Nf6
{[%clk 0:15:43]} 5. Nc3 {[%clk 0:15:26]} g6 {[%clk 0:15:49]} 6. Be3
{[%clk 0:15:14]} Bg7 {[%clk 0:15:58]} 7. Be2 {[%clk 0:14:45]} O-O
{[%clk 0:15:48]} 8. O-O {[%clk 0:14:44]} d6 {[%clk 0:15:42]} 9. f4
{[%clk 0:13:59]} Qb6 {[%clk 0:15:49]} 10. e5 {[%clk 0:11:07]} dxe5
{[%clk 0:15:03]} 11. fxe5 {[%clk 0:11:16]} Nxe5 {[%clk 0:14:35]} 12. Nf5
{[%clk 0:10:46]} Qe6 {[%clk 0:13:22]} 13. Nxg7 {[%clk 0:10:28]} Kxg7
{[%clk 0:13:30]} 14. Bf4 {[%clk 0:09:06]} Neg4 {[%clk 0:13:11]} 15. Qd2
{[%clk 0:07:34]} Qb6+ {[%clk 0:12:54]} 16. Kh1 {[%clk 0:07:43]} Rd8
{[%clk 0:11:49]} 17. Qe1 {[%clk 0:07:40]} Be6 {[%clk 0:10:28]} 18. Qg3
{[%clk 0:03:41]} Nh5 {[%clk 0:06:30]} 19. Qh4 {[%clk 0:02:21]} Nxf4
{[%clk 0:06:26]} 20. Bxg4 {[%clk 0:01:58]} Bxg4 {[%clk 0:05:42]} 21. Qxg4
{[%clk 0:02:07]} e5 {[%clk 0:05:36]} 22. Ne2 {[%clk 0:01:23]} Nxe2
{[%clk 0:05:18]} 23. Qxe2 {[%clk 0:01:31]} f6 {[%clk 0:05:24]} 24. b3
{[%clk 0:01:21]} Rd6 {[%clk 0:05:22]} 25. Rad1 {[%clk 0:01:11]} Rad8
{[%clk 0:05:30]} 26. h3 {[%clk 0:00:49]} R8d7 {[%clk 0:05:18]} 27. Rxd6
{[%clk 0:00:33]} Qxd6 {[%clk 0:05:25]} 28. Qb5 {[%clk 0:00:26]} f5
{[%clk 0:05:27]} 29. Qc4 {[%clk 0:00:21]} e4 {[%clk 0:05:27]} 30. Qc3+
{[%clk 0:00:25]} Qf6 {[%clk 0:05:31]} 31. Qe3 {[%clk 0:00:30]} Qd4
{[%clk 0:05:26]} 32. Qe2 {[%clk 0:00:16]} e3 {[%clk 0:05:22]} 33. Rf3
{[%clk 0:00:18]} Re7 {[%clk 0:05:27]} 34. Kg1 {[%clk 0:00:12]} Qa1+
{[%clk 0:05:28]} 35. Kh2 {[%clk 0:00:20]} Qc1 {[%clk 0:05:29]} 36. Qc4
{[%clk 0:00:13]} e2 {[%clk 0:05:33]} 37. Qd4+ {[%clk 0:00:20]} Kg8
{[%clk 0:05:07]} 38. Qd5+ {[%clk 0:00:27]} Rf7 {[%clk 0:05:02]} 39. Qd8+
{[%clk 0:00:28]} Kg7 {[%clk 0:05:06]} 40. Qd4+ {[%clk 0:00:21]} Rf6
{[%clk 0:05:14]} 41. Qd7+ {[%clk 0:00:13]} Kh6 {[%clk 0:05:22]} 0-1

[Event "Schools-U15-17Open"]
[Site "Tehran2016"]
[Date "2016.07.10"]
[Round "1.11"]
[White "Mohammadi, Pouya"]
[Black "Dissanayake, R K T"]
[Result "1-0"]
[BlackElo "1545"]
[WhiteElo "1920"]
[LiveChessVersion "1.4.8"]

1. Nf3 Nf6 2. g3 g6 3. Bg2 Bg7 4. O-O O-O 5. d3 d6 6. e4 e5 7. Nbd2 Nc6 8. Nc4
Bd7 9. a4 Qc8 10. c3 Nh5 11. Nh4 Bh3 12. Be3 Bxg2 13. Kxg2 Bf6 14. Nf3 Bg7 15.
Nfd2 f5 16. exf5 Rxf5 17. Qb3 Kh8 18. Kg1 Nf6 19. f3 Rh5 20. Qd1 Nd5 21. Qe2 Qh3
22. Ne4 Nxe3 23. Nxe3 d5 24. Nxd5 Rd8 25. g4 Rxd5 26. gxh5 Qxh5 27. Rad1 Qf5 28.
Qg2 Bh6 29. Qg4 Qf8 30. Kh1 Ne7 31. Qe6 Bf4 32. Qf6+ Qxf6 33. Nxf6 Rd8 34. d4
exd4 35. Rxd4 Rxd4 36. cxd4 Nf5 37. Rd1 Bg5 38. Ne4 Be7 39. Rc1 c6 40. Rd1 Kg7
41. Nc5 b6 42. Nd7 Bd8 43. Nb8 Ne7 44. Rc1 Kf7 45. Nxc6 Nxc6 46. Rxc6 Ke7 47. d5
Kd7 48. b3 Bg5 49. h3 Bd8 50. Kg2 a5 51. Kf1 Ke7 52. Ke2 Kd7 53. Kd3 Ke7 54. Kc4
Kd7 55. Kb5 Ke7 56. Ka6 Kd7 57. Kb7 g5 58. Rh6 Ke7 59. Kc8 Ke8 60. Re6+ Be7 61.
d6 Kf7 62. Rxe7+ Kf8 63. Re4 Kf7 64. d7 Kg6 65. d8=Q Kf7 66. Qe8+ Kf6 67. Qe6+
Kg7 68. Qf5 h6 69. Re7+ Kg8 70. Qf7+ Kh8 71. Re8# 1-0

[Event "Schools-U15-17Open"]
[Site "Tehran2016"]
[Date "2016.07.10"]
[Round "1.12"]
[White "Mashhadi, Ali"]
[Black "Behroozi Moghaddam, Hamed"]
[Result "0-1"]
[BlackElo "1897"]
[WhiteElo "1541"]
[LiveChessVersion "1.4.8"]

1. d4 Nf6 2. c4 e6 3. Nf3 Bb4+ 4. Nbd2 b6 5. a3 Bxd2+ 6. Bxd2 h6 7. Bf4 Bb7 8. e3
Nh5 9. Be5 d6 10. Bg3 Nxg3 11. hxg3 Nd7 12. Bd3 Qe7 13. Qc2 O-O-O 14. e4 e5 15.
d5 Nc5 16. Be2 Kb8 17. b4 Nd7 18. a4 Kc8 19. a5 g6 20. a6 Ba8 21. b5 Nc5 22.
O-O-O f5 23. exf5 e4 24. Nd4 gxf5 25. Nb3 Nd7 26. Qd2 Qf6 27. Qd4 Ne5 28. f4 exf3
29. gxf3 Qg5+ 30. Qf4 Qxf4+ 31. gxf4 Ng6 32. Bd3 Rdf8 33. Nd4 Nxf4 34. Bxf5+ Kb8
35. Rh4 Ng2 36. Rh5 Ne3 37. Re1 Nxc4 38. Re7 Bxd5 39. Bd3 Ne5 40. Be2 Ng6 41. Rg7
Nf4 0-1

[Event "Schools-U15-17Open"]
[Site "Tehran2016"]
[Date "2016.07.10"]
[Round "2.1"]
[White "Ganjali, Hossein"]
[Black "Molaei, Mohammadamin"]
[Result "0-1"]
[BlackElo "2151"]
[WhiteElo "1977"]
[LiveChessVersion "1.4.8"]

1. d4 e6 2. Nf3 Nf6 3. Bf4 b6 4. e3 Bb7 5. h3 d6 6. Nbd2 Nbd7 7. Bd3 g6 8. Bh2
Bg7 9. O-O O-O 10. Qe2 Qe7 11. a4 e5 12. dxe5 dxe5 13. e4 a5 14. Nc4 Nh5 15. Rfe1
Rae8 16. Ne3 Qc5 17. Qd2 Nhf6 18. Ng4 Nxg4 19. hxg4 Qe7 20. g5 Nc5 21. Qc3 Qe6
22. Bg3 Re7 23. b3 Rfe8 24. Rad1 Qg4 25. Bb5 Nxe4 26. Rxe4 Bxe4 27. Bxe8 Rxe8 28.
Qxc7 Bxf3 29. gxf3 Qxg5 30. Qxb6 h5 31. Qe3 Qf5 32. Qe4 Qg5 33. Qe3 Qf6 34. Qe4
Re6 35. Rd5 Qg5 36. Qe3 Qf5 37. Qe4 Qh3 38. c4 f5 39. Qh4 Qxh4 40. Bxh4 Bh6 41.
Rd8+ Kf7 42. Rd7+ Kf8 43. Rd8+ Re8 44. Rd6 Kf7 45. Ra6 Bd2 46. Ra7+ Kf8 47. Bf6
Re6 48. Bd8 Bf4 49. Bxa5 h4 50. Kg2 g5 51. Bb4+ Kg8 52. Ra8+ Kg7 53. a5 g4 54.
fxg4 fxg4 55. Rd8 h3+ 56. Kg1 Rf6 57. Bc3 g3 58. fxg3 Bxg3 59. Rd1 Rf3 60. Rc1
Bf4 61. Rc2 h2+ 62. Kg2 Rg3+ 0-1

[Event "Schools-U15-17Open"]
[Site "Tehran2016"]
[Date "2016.07.10"]
[Round "2.2"]
[White "Tahbaz, Arash"]
[Black "Safiri, Ali"]
[Result "1-0"]
[BlackElo "1972"]
[WhiteElo "2138"]
[LiveChessVersion "1.4.8"]

1. e4 c5 {[%clk 0:15:05]} 2. Nf3 {[%clk 0:15:18]} d6 {[%clk 0:15:13]} 3. d4
{[%clk 0:15:09]} cxd4 {[%clk 0:15:20]} 4. Nxd4 {[%clk 0:15:18]} Nf6
{[%clk 0:15:28]} 5. Nc3 {[%clk 0:15:27]} g6 {[%clk 0:15:22]} 6. Be3
{[%clk 0:15:31]} Bg7 {[%clk 0:15:30]} 7. f3 {[%clk 0:15:39]} O-O 8. Qd2 Nc6
{[%clk 0:15:45]} 9. O-O-O {[%clk 0:15:57]} Nxd4 {[%clk 0:15:33]} 10. Bxd4
{[%clk 0:16:05]} Be6 {[%clk 0:15:41]} 11. Kb1 {[%clk 0:16:15]} Qc7
{[%clk 0:15:50]} 12. h4 {[%clk 0:16:24]} Rfc8 {[%clk 0:15:59]} 13. h5
{[%clk 0:16:33]} Qa5 {[%clk 0:16:08]} 14. hxg6 {[%clk 0:16:42]} fxg6
{[%clk 0:16:17]} 15. a3 {[%clk 0:16:50]} Rab8 {[%clk 0:16:25]} 16. Bd3
{[%clk 0:14:15]} Bf7 {[%clk 0:16:27]} 17. g4 {[%clk 0:13:10]} b5 {[%clk 0:15:18]}
18. g5 {[%clk 0:10:17]} b4 {[%clk 0:10:16]} 19. Nb5 {[%clk 0:08:04]} Nh5
{[%clk 0:10:25]} 20. Bxg7 {[%clk 0:06:24]} Kxg7 {[%clk 0:10:34]} 21. Qxb4
{[%clk 0:02:55]} Qxb4 {[%clk 0:09:51]} 22. axb4 {[%clk 0:03:05]} a6
{[%clk 0:10:00]} 23. Nc3 {[%clk 0:02:48]} Rxb4 24. Kc1 Rcb8 {[%clk 0:08:14]} 25.
b3 {[%clk 0:03:05]} a5 {[%clk 0:07:30]} 26. Kd2 {[%clk 0:02:50]} Nf4
{[%clk 0:06:47]} 27. Ke3 {[%clk 0:02:33]} e5 {[%clk 0:04:36]} 28. Ra1
{[%clk 0:02:19]} Bxb3 {[%clk 0:03:38]} 29. cxb3 {[%clk 0:01:52]} Rxb3
{[%clk 0:03:47]} 30. Rhc1 {[%clk 0:01:29]} Rc8 {[%clk 0:03:50]} 31. Kd2
{[%clk 0:01:31]} Ne6 {[%clk 0:02:28]} 32. Nd5 {[%clk 0:00:20]} Rf8
{[%clk 0:00:49]} 33. Rxa5 {[%clk 0:00:30]} Rxf3 {[%clk 0:00:15]} 34. Ra7+
{[%clk 0:00:39]} Rf7 {[%clk 0:00:24]} 35. Rxf7+ {[%clk 0:00:37]} Kxf7
{[%clk 0:00:34]} 36. Bc4 {[%clk 0:00:45]} Rb2+ {[%clk 0:00:30]} 37. Kc3
{[%clk 0:00:44]} Rb7 {[%clk 0:00:37]} 38. Ne3 {[%clk 0:00:15]} Ke7
{[%clk 0:00:33]} 39. Rg1 {[%clk 0:00:14]} Nc5 {[%clk 0:00:21]} 40. Bd5
{[%clk 0:00:15]} Rc7 {[%clk 0:00:25]} 41. Kd2 {[%clk 0:00:20]} Ra7
{[%clk 0:00:23]} 42. Rh1 {[%clk 0:00:28]} Kf8 {[%clk 0:00:22]} 43. Ng4
{[%clk 0:00:37]} Ra4 {[%clk 0:00:15]} 44. Nf6 {[%clk 0:00:42]} Rd4+
{[%clk 0:00:17]} 45. Ke3 {[%clk 0:00:49]} Rd3+ 46. Ke2 Rg3 {[%clk 0:00:23]} 47.
Rxh7 {[%clk 0:01:04]} Rxg5 {[%clk 0:00:20]} 48. Rf7# {[%clk 0:01:03]} 1-0